000 00880nam a2200253Ia 4500
003 OSt
005 20220923215240.0
006 a|||||r|||| 00| 0
007 ta
008 220922b |||||||| |||| 00| 0 hin d
024 _a176,931
037 _cTextual
040 _aARTS
_cARTS
_bhin
041 _2hin
_ahin
082 _aO152,1:g(P), M0
100 _aश्रीवास्तव, परमानन्द
245 0 _aसमकालीन कविता का व्याकरण
246 _aSamakālīn kavitā kā vyākaraṇa
260 _aदिल्ली
_b शुभद्रा प्रकाशन
_c1980
300 _a139 पृ.
_ccm.
650 _aहिन्दी साहित्य
_9156264
942 _hO152,1:g(P), M0
_cTEXL
_2CC
999 _c330426
_d330426